00771nam a22001937a 450000500170000000800410001702000230005803500130008103700530009408200060014710000320015324000390018524500890022426000460031330000210035950000490038065100590042985600890048820110805114112.0110805t xxu||||| |||| 00| 0 eng d a0571136912c499.00 aB-428126 bAllied/DE2010/CR/2777/16.3.11/280/4.3.11/30.3.1100aN2 aVargas Llosa, Mario,d1936-10aGuerra del fin del mundo.lEnglish14aThe war of the end of the world /cMario Vargas Llosa ; translated by Helen R. Lane. aNew York :bFarrar Straus Giroux,cc1984. a568 p. ;c24 cm. aTranslation of: La guerra del fin del mundo. 0aBrazilxHistoryyCanudos Campaign, 1893-1897xFiction.423Publisher descriptionuhttp://www.loc.gov/catdir/enhancements/fy0667/84010187-d.html